| 000 | 00606nam a2200217 a 4500 | ||
|---|---|---|---|
| 005 | 20240228063844.0 | ||
| 008 | 031013s2001 mx r 000 0 spa d | ||
| 020 | _a9681909860 | ||
| 035 | _aUPN01000130047 | ||
| 049 | _aI | ||
| 050 | 4 |
_aPZ71 _bR6.6 |
|
| 100 | 1 | _aRojas, Luis | |
| 245 | 1 | 0 |
_aÑacañaca / _cLuis Rojas ; il. Ricardo Radosh. |
| 260 |
_aMéxico : _bAlfaguara, _c2001. |
||
| 300 |
_a[20] p. : _bprincipalmente il. col. |
||
| 440 | 0 | _aInfantil | |
| 650 | 4 |
_aCuentos infantiles _96744 |
|
| 650 | 4 |
_aLibros y lectura para niños _92290 |
|
| 700 | 1 |
_aRadosh, Ricardo, _eil. |
|
| 905 | _aLIbro | ||
| 999 |
_c102204 _d102204 |
||